| 000 | 00334nam a2200145Ia 4500 | ||
|---|---|---|---|
| 008 | 230312s9999||||xx |||||||||||||| ||und|| | ||
| 020 | _a3-937718-46-x | ||
| 082 |
_a72019 _bDAA-A |
||
| 100 | _aDaab | ||
| 245 | 0 | _aArchitecture & design | |
| 260 |
_bdaab gmbh _aLondon _c2005 |
||
| 300 | _a237 | ||
| 650 | _aArchitecture | ||
| 942 | _cBK | ||
| 999 |
_c11825 _d11825 |
||